| 000 | 00989cam a2200205 4500 | ||
|---|---|---|---|
| 001 | X111261 | ||
| 008 | 000000n2001 000 0 eng u | ||
| 035 | _a(Sirsi) u111261 | ||
| 245 | _aR v Durham CC ex p Lowther | ||
| 260 | _c2001 | ||
| 490 |
_aJournal of Planning and Environment Law _v _v[2001] JPL 354-372(19) |
||
| 520 | _aQBD 21 June 2000. Limeworks. Use of alternative fuels to fire kilns. Whether use of alternative fuel a material change of use. Whether subcommittee of Council misled by report. Conflicting advice from counsel. Decision by Council that no material change of use. Application for judicial review ot that decision by local resident. Application dismissed [Taken from journal headnote]. | ||
| 650 | _aR V DURHAM CC AND ANOTHER EX P LOWTHER | ||
| 650 | _aJUDICIAL REVIEW | ||
| 650 | _aMATERIAL CHANGE OF USE | ||
| 650 | _aALTERNATIVE FUELS | ||
| 650 | _aLIMEWORKS | ||
| 690 | _aENVIRONMENTAL AND LAND CONSULTANCY-PLANNING AND DEVELOPMENT | ||
| 942 | _n0 | ||
| 999 |
_c66291 _d66291 |
||